| 000 | 00361nam a22001457a 4500 | ||
|---|---|---|---|
| 999 |
_c7935 _d7935 |
||
| 003 | OSt | ||
| 005 | 20200609152845.0 | ||
| 008 | 200609b ||||| |||| 00| 0 eng d | ||
| 020 | _a9781859469965 | ||
| 082 |
_a720.472 _bDOL |
||
| 100 | _aDollard, Tom | ||
| 245 | _aDesigned to Perform: An Illustrated ... | ||
| 260 |
_aLondon _bRIBA Publishing _c2018 |
||
| 942 | _2ddc | ||